[Event "CZE-chT2E 2122"]
[Site "Czech Republic"]
[Date "2021.12.05"]
[Round "4.6"]
[White "Straka, Vojtech1111"]
[Black "Messerschmidt, Stanislav"]
[Result "1-0"]
[WhiteElo "1987"]
[BlackElo "1984"]
[PlyCount "121"]
[EventDate "2021.10.17"]
[EventType "team-tourn"]
[EventRounds "11"]
[EventCountry "CZE"]
[SourceTitle "EXT 2024"]
[Source "ChessBase"]
[SourceDate "2023.10.10"]
[SourceVersion "1"]
[SourceVersionDate "2023.10.10"]
[SourceQuality "1"]
[WhiteTeam "Brno Lokomotiva"]
[BlackTeam "Orechov Orel"]
[WhiteTeamCountry "CZE"]
[BlackTeamCountry "CZE"]

1. c4 c5 2. Nc3 Nc6 3. g3 g6 4. Bg2 Bg7 5. e3 d6 6. Nge2 e5 7. a3 Nge7 8. 0-0 0-0 9. Nd5 Nxd5 10. cxd5 Ne7 11. d3 Bd7 12. Bd2 Qc8 13. Rc1 Bh3 14. e4 h6 15. Rc2 g5 16. f4 Bxg2 17. Kxg2 gxf4 18. gxf4 f5 19. Ng3 Qe8 20. Qh5 fxe4 21. dxe4 Qb5 22. f5 Qd3 23. Qd1 Kh7 24. Rc3 Qb5 25. Rff3 Ng8 26. Rb3 Qd7 27. Rf1 Qe8 28. Qg4 Qf7 29. Nh5 Nf6 30. Qxg7+ Qxg7+ 31. Nxg7 Kxg7 32. Rxb7+ Rf7 33. Bxh6+ Kg8 34. Rxf7 Kxf7 35. Kf3 Rh8 36. Bg5 Rxh2 37. Bxf6 Kxf6 38. Rf2 Rh3+ 39. Ke2 Rb3 40. Kd1 a5 41. Rg2 Re3 42. Rg4 a4 43. Kd2 Rb3 44. Rg6+ Ke7 45. Rg7+ Ke8 46. Ra7 Rxb2+ 47. Kc1 Ra2 48. Rxa4 Ke7 49. Kd1 Kf6 50. Ra8 Kg5 51. a4 Kf6 52. Ra6 Ke7 53. f6+ Kf7 54. Ra7+ Kg6 55. a5 Ra4 56. Ra6 Rxe4 57. Rxd6 Rd4+ 58. Kc2 Ra4 59. a6 e4 60. Re6 Rd4 61. a7 1-0

[Event "CZE-chT2E 1516"]
[Site "Czech Republic"]
[Date "2016.03.13"]
[Round "9.3"]
[White "Adamcik, Martin"]
[Black "Messerschmidt, Stanislav"]
[Result "1-0"]
[WhiteElo "2124"]
[BlackElo "2036"]
[PlyCount "63"]
[EventDate "2015.10.18"]
[EventType "team-tourn"]
[EventRounds "11"]
[EventCountry "CZE"]
[SourceTitle "EXT 2022"]
[Source "ChessBase"]
[SourceDate "2021.10.06"]
[SourceVersion "1"]
[SourceVersionDate "2021.10.06"]
[SourceQuality "1"]
[WhiteTeam "Prostejov"]
[BlackTeam "Orechov"]
[WhiteTeamCountry "CZE"]
[BlackTeamCountry "CZE"]

1. Nf3 c5 2. c4 Nc6 3. g3 g6 4. Bg2 Bg7 5. 0-0 Nf6 6. d4 cxd4 7. Nxd4 0-0 8. Nc3 a6 9. c5 Nxd4 10. Qxd4 Ne8 11. Qd3 Nc7 12. Be3 Rb8 13. Rfd1 Qe8 14. Qd2 f5 15. Nd5 Nxd5 16. Bxd5+ Kh8 17. Bh6 Bxh6 18. Qxh6 b6 19. Qe3 e5 20. cxb6 Rf6 21. Rac1 Rfxb6 22. b3 a5 23. Qd2 Ba6 24. Bc4 a4 25. Bxa6 Rxa6 26. b4 Rab6 27. a3 R6b7 28. Rc5 Rc8 29. Rdc1 Rxc5 30. Rxc5 Qb8 31. Qc3 Kg8 32. Rc8+ 1-0

[Event "CZE-chT2E 1516"]
[Site "Czech Republic"]
[Date "2015.11.08"]
[Round "2.3"]
[White "Soban, Jaroslav"]
[Black "Messerschmidt, Stanislav"]
[Result "1/2-1/2"]
[WhiteElo "2095"]
[BlackElo "2036"]
[PlyCount "60"]
[EventDate "2015.10.18"]
[EventType "team-tourn"]
[EventRounds "11"]
[EventCountry "CZE"]
[SourceTitle "EXT 2022"]
[Source "ChessBase"]
[SourceDate "2021.10.06"]
[SourceVersion "1"]
[SourceVersionDate "2021.10.06"]
[SourceQuality "1"]
[WhiteTeam "Grygov II"]
[BlackTeam "Orechov"]
[WhiteTeamCountry "CZE"]
[BlackTeamCountry "CZE"]

1. c4 g6 2. Nc3 Bg7 3. g3 c6 4. Bg2 d6 5. e4 Be6 6. d3 Qc8 7. h3 c5 8. Nge2 Nc6 9. Be3 Nf6 10. Qd2 h5 11. Bg5 Nh7 12. Bh6 Bf6 13. Nd5 Bxd5 14. exd5 Nd4 15. Nxd4 Bxd4 16. 0-0 Qf5 17. Be3 Bf6 18. h4 g5 19. Be4 Qh3 20. hxg5 Be5 21. Bg2 Qf5 22. f4 Bg7 23. Kh2 h4 24. gxh4 Nxg5 25. fxg5 Be5+ 26. Kg1 Qg4 27. Qf2 Rxh4 28. Qxf7+ Kd8 29. Qe6 Bh2+ 30. Kf2 Bg3+ 1/2-1/2

[Event "CZE-chT2E 1415"]
[Site "Czech Republic"]
[Date "2015.01.11"]
[Round "5.4"]
[White "Messerschmidt, Stanislav"]
[Black "Tikovsky, Alexander"]
[Result "1/2-1/2"]
[WhiteElo "2031"]
[BlackElo "2208"]
[PlyCount "77"]
[EventDate "2014.11.02"]
[EventType "team-tourn"]
[EventRounds "11"]
[EventCountry "CZE"]
[SourceTitle "EXT 2022"]
[Source "ChessBase"]
[SourceDate "2021.10.06"]
[SourceVersion "1"]
[SourceVersionDate "2021.10.06"]
[SourceQuality "1"]
[WhiteTeam "Orechov"]
[BlackTeam "Brno Moravska Slavia"]
[WhiteTeamCountry "CZE"]
[BlackTeamCountry "CZE"]

1. e4 g6 2. d4 Bg7 3. f4 d6 4. Nf3 c5 5. d5 Nf6 6. Nc3 0-0 7. Be2 b5 8. e5 dxe5 9. fxe5 Ng4 10. Nxb5 Nxe5 11. d6 Nbc6 12. 0-0 exd6 13. Nxd6 Be6 14. c3 Qe7 15. Ne4 Rad8 16. Qa4 Nxf3+ 17. Bxf3 Ne5 18. Bg5 f6 19. Be3 Nxf3+ 20. gxf3 Rd5 21. Qa3 Rc8 22. Rae1 Bh3 23. Rf2 Qe5 24. c4 Rdd8 25. Nxc5 Bf8 26. b4 a5 27. Qc1 axb4 28. Nb3 Qc7 29. c5 Be6 30. Qb2 Bxb3 31. Qxb3+ Kg7 32. Rc1 Qa5 33. Rfc2 Rc6 34. Kg2 Qb5 35. Bf2 Rd3 36. a4 Qa6 37. Qxb4 Rd5 38. Qb5 Qc8 39. h4 1/2-1/2

[Event "CZE-chT2E 0910"]
[Site "Czech Republic"]
[Date "2010.01.31"]
[Round "6.3"]
[White "Nabelek, Marek"]
[Black "Messerschmidt, Stanislav"]
[Result "1-0"]
[WhiteElo "2249"]
[BlackElo "2009"]
[PlyCount "119"]
[EventDate "2009.10.18"]
[EventType "team-tourn"]
[EventRounds "11"]
[EventCountry "CZE"]
[SourceTitle "EXT 2012"]
[Source "ChessBase"]
[SourceDate "2011.11.24"]
[SourceVersion "1"]
[SourceVersionDate "2011.11.24"]
[SourceQuality "1"]
[WhiteTeam "Brno Lokomotiva III"]
[BlackTeam "Orechov"]
[WhiteTeamCountry "CZE"]
[BlackTeamCountry "CZE"]

1. e4 g6 2. d4 Bg7 3. Nc3 c6 4. Bc4 d5 5. exd5 b5 6. Bb3 b4 7. Nce2 cxd5 8. Nf3 Nc6 9. 0-0 e6 10. Bg5 Bf6 11. Bxf6 Qxf6 12. Ba4 Bd7 13. Qd2 Nge7 14. Rfe1 Rb8 15. Nf4 0-0 16. Ne5 Rfd8 17. Rad1 Qg5 18. Bb3 a5 19. Nxd5 Qxd2 20. Nxe7+ Nxe7 21. Rxd2 Bb5 22. c4 bxc3 23. bxc3 a4 24. Bd1 Rdc8 25. c4 Bxc4 26. Bxa4 Bd5 27. Nd7 Rb4 28. Nf6+ Kg7 29. Nxd5 Nxd5 30. Bb3 Nf6 31. f3 Rd8 32. Red1 Nd5 33. Kf2 h5 34. g3 g5 35. Rd3 Kf6 36. R1d2 h4 37. Kg2 hxg3 38. hxg3 Ne7 39. Kf2 Nd5 40. Rc2 Ne7 41. Rc4 Rb5 42. a4 Rf5 43. Ke2 Rh8 44. Rc5 Rh2+ 45. Ke1 Rg2 46. g4 Rf4 47. a5 Rg1+ 48. Kd2 Ra1 49. Kc2 Nd5 50. Bxd5 exd5 51. Rxd5 Kg6 52. Kb2 Ra4 53. Ra3 Rfxd4 54. Rxd4 Rxd4 55. a6 Rd8 56. a7 Ra8 57. Ra6+ Kg7 58. Kc3 Kf8 59. Kd4 Ke7 60. Kc5 1-0

[Event "CZE-chT2E 0910"]
[Site "Czech Republic"]
[Date "2009.11.08"]
[Round "2.3"]
[White "Messerschmidt, Stanislav"]
[Black "Fojtik, Tomas"]
[Result "0-1"]
[WhiteElo "2009"]
[BlackElo "2095"]
[PlyCount "29"]
[EventDate "2009.10.18"]
[EventType "team-tourn"]
[EventRounds "11"]
[EventCountry "CZE"]
[SourceTitle "EXT 2012"]
[Source "ChessBase"]
[SourceDate "2011.11.24"]
[SourceVersion "1"]
[SourceVersionDate "2011.11.24"]
[SourceQuality "1"]
[WhiteTeam "Orechov"]
[BlackTeam "Znojmo"]
[WhiteTeamCountry "CZE"]
[BlackTeamCountry "CZE"]

1. c4 e6 2. g3 c5 3. Bg2 Nf6 4. e4 Nc6 5. Nc3 d6 6. d3 Be7 7. Nge2 Bd7 8. 0-0 0-0 9. Nf4 Nd4 10. Be3 Bc6 11. h4 g6 12. Bf3 Ne8 13. Nfd5 exd5 14. cxd5 Bd7 15. Bh6 0-1

[Event "CZE-chT2E 0910"]
[Site "Czech Republic"]
[Date "2009.10.18"]
[Round "1.3"]
[White "Buran, Jaroslav"]
[Black "Messerschmidt, Stanislav"]
[Result "1-0"]
[WhiteElo "2182"]
[BlackElo "2009"]
[PlyCount "107"]
[EventDate "2009.10.18"]
[EventType "team-tourn"]
[EventRounds "11"]
[EventCountry "CZE"]
[SourceTitle "EXT 2012"]
[Source "ChessBase"]
[SourceDate "2011.11.24"]
[SourceVersion "1"]
[SourceVersionDate "2011.11.24"]
[SourceQuality "1"]
[WhiteTeam "Stare Mesto III"]
[BlackTeam "Orechov"]
[WhiteTeamCountry "CZE"]
[BlackTeamCountry "CZE"]

1. d4 d5 2. Nf3 g6 3. c4 c6 4. Nc3 Bg7 5. Bf4 Nf6 6. e3 Qb6 7. a3 Ne4 8. Be2 Nxc3 9. bxc3 0-0 10. 0-0 Qa5 11. Qb3 Nd7 12. cxd5 cxd5 13. Qb4 Qd8 14. c4 e6 15. Rfc1 dxc4 16. Rxc4 Qb6 17. Qd2 a6 18. Rac1 Nf6 19. a4 Nd5 20. a5 Qd8 21. Be5 Bd7 22. Rc5 Rc8 23. h3 Bxe5 24. Nxe5 f6 25. Nd3 Bc6 26. e4 Ne7 27. Nf4 Bd7 28. Qa2 Kh8 29. Nxe6 Bxe6 30. Qxe6 Rxc5 31. Rxc5 Nc6 32. Rd5 Nxd4 33. Rxd8 Nxe6 34. Rxf8+ Nxf8 35. Bg4 f5 36. exf5 Nd7 37. f6 Nc5 38. Bf3 Kg8 39. Bd5+ Kf8 40. f4 Ke8 41. Kf2 Kd8 42. Ke3 Kc7 43. Kd4 Nd7 44. f7 b6 45. axb6+ Kxb6 46. Be6 Nf8 47. Ke5 Kc7 48. Bc4 Kd7 49. Kf6 a5 50. Bb5+ Kd6 51. g3 h6 52. Ba4 g5 53. f5 h5 54. Kg7 1-0

[Event "CZE-chT2D 0809"]
[Site "Czech Republic"]
[Date "2009.01.25"]
[Round "7.8"]
[White "Messerschmidt, Stanislav"]
[Black "Talpa, Pavel"]
[Result "1-0"]
[WhiteElo "1974"]
[BlackElo "1904"]
[PlyCount "77"]
[EventDate "2008.10.12"]
[EventType "team-tourn"]
[EventRounds "11"]
[EventCountry "CZE"]
[SourceTitle "EXT 2010"]
[Source "ChessBase"]
[SourceDate "2010.11.25"]
[SourceVersion "1"]
[SourceVersionDate "2010.11.25"]
[SourceQuality "1"]

1. g3 f5 2. d4 Nf6 3. Bg2 e6 4. h4 d5 5. Nh3 Bd6 6. Bf4 0-0 7. e3 b6 8. c4 Ba6 9. cxd5 exd5 10. Nc3 Bb4 11. Bg5 c6 12. Qb3 Bxc3+ 13. Qxc3 Qe8 14. Bxf6 Rxf6 15. Nf4 Qf7 16. Qa3 Bb7 17. b4 a6 18. Rc1 Nd7 19. Qb3 Rd6 20. a4 b5 21. a5 Re8 22. Qc2 g6 23. Bf3 Kg7 24. Kf1 Nf6 25. Qc5 Rdd8 26. h5 Ne4 27. Qc2 Rh8 28. h6+ Kf8 29. Nd3 Qf6 30. Ne5 Rd6 31. Bxe4 fxe4 32. Qc5 Qe7 33. Qb6 Rf6 34. Nxc6 Bxc6 35. Rxc6 Kf7 36. Kg2 Rxc6 37. Qxc6 Qe6 38. Qc7+ Kf6 39. Qg7+ 1-0